000 00499nam a22001817a 4500
003 OSt
005 20140310182217.0
008 130529t xxu||||| |||| 00| 0 eng d
020 _a076842108X
050 _aBT 123
_b.G662 1973
082 _aHS 231.3
_bG658 1991
245 _aExplaining the Holy Spirit :
_cRobert Gordon.
260 _aKent, England :
_bSovereign World Limited,
_cc1991.
300 _a72 p. :
_c20 cm.
650 _aHoly Spirit
_910757
942 _2lcc
_cHS
999 _c10616
_d10616